| 000 | 01682cam a22004457a 4500 | ||
|---|---|---|---|
| 003 | CHAP | ||
| 005 | 20220329142806.0 | ||
| 008 | 031020s2003 mx r 00010 spa d | ||
| 010 | _a87822 | ||
| 011 | _a88794 | ||
| 035 | _a99339 | ||
| 040 | _cCHAP | ||
| 090 | _aTesis | ||
| 100 | 0 | 0 |
_aLópez Calbo, Hugo. _967730 |
| 245 | 1 | 0 |
_aAvance genético por selección masal participativa en calabaza pipiana (Cucurbita argyrosperma Huber var. stenosperma) en Achichipico, Morelos _c/por Hugo López Calbo |
| 260 |
_aChapingo, Méx. : _bEl autor, _c2003. |
||
| 300 | _a85 h. | ||
| 502 | _aTesis (Ing. Agr. Esp. en Fitotecnia) -- UACH. Departamento de Fitotecnia | ||
| 530 | _aTambién disponible en línea | ||
| 590 |
_aALEPH _b10 _c20130110 _lUCH01 _h1455 |
||
| 590 |
_aBATCH-UPD _b10 _c20130110 _lUCH01 _h0420 |
||
| 590 |
_aBATCH-UPD _b10 _c20130110 _lUCH01 _h2034 |
||
| 590 |
_aBATCH-UPD _b10 _c20130410 _lUCH01 _h0055 |
||
| 590 |
_aBATCH-UPD _b10 _c20130410 _lUCH01 _h1544 |
||
| 590 |
_aBATCH-UPD _b10 _c20130914 _lUCH01 _h0814 |
||
| 590 |
_aBATCH-UPD _b10 _c20140324 _lUCH01 _h1441 |
||
| 590 |
_aBATCH-UPD _b10 _c20141002 _lUCH01 _h0820 |
||
| 590 |
_aCONVERSION _b10 _c20130109 _lUCH01 _h1349 |
||
| 650 | 1 | 4 |
_aCalabaza _xMejoramiento. _917283 |
| 650 | 1 | 4 |
_aCalabaza _zMorelos. _917307 |
| 650 | 1 | 4 |
_aCucurbita argyrosperma. _929993 |
| 650 | 1 | 4 |
_aCultivos asociados. _930370 |
| 650 | 1 | 4 |
_aSelección masal. _9103779 |
| 856 |
_3Finding aid _uhttp://10.13.5.2/tesis/99339.pdf _zTeclea aqui |
||
| 901 | _aBK | ||
| 905 | _aAlejandra Carrasco M. | ||
| 942 | _cFOLL | ||
| 949 |
_aTesis _bBC _cTES _d33724000892006 _eTS2 _fc.2 _h41501 _i99339 _si |
||
| 949 |
_aTesis _bBC _cTES _d993391 _eTS1 _h41500 _i99339 _sb |
||
| 999 |
_c87822 _d87822 |
||